[Event "Arco op-B 39th"]
[Site "Arco"]
[Date "2017.10.13"]
[Round "6"]
[White "Palermiti, Francesco"]
[Black "Casella, Carlo"]
[Result "1/2-1/2"]
[WhiteElo "1379"]
[BlackElo "1573"]
[PlyCount "76"]
[EventDate "2017.10.08"]
[EventType "swiss"]
[EventRounds "8"]
[EventCountry "ITA"]
[SourceTitle "CBM 181 Extra"]
[Source "ChessBase"]
[SourceDate "2017.12.12"]
[SourceVersion "1"]
[SourceVersionDate "2017.12.12"]
[SourceQuality "1"]

1. d4 d5 2. Nf3 Nf6 3. c4 c6 4. a4 e6 5. Bg5 Be7 6. cxd5 exd5 7. Nc3 h6 8. Bxf6 Bxf6 9. e3 0-0 10. Be2 Bg4 11. 0-0 Nd7 12. Qc2 Re8 13. Rfe1 Nf8 14. Rad1 Qd7 15. e4 Be6 16. e5 Bd8 17. b4 Bf5 18. Qb2 Re6 19. Bd3 Bxd3 20. Rxd3 Ng6 21. Qc1 Ne7 22. a5 Nf5 23. Qf4 Rg6 24. Kh1 h5 25. Rg1 Rg4 26. Qd2 Qe7 27. h3 Rg6 28. Nd1 Qe6 29. Ne3 Nh6 30. Qe2 f5 31. exf6 Bxf6 32. Qd1 Rd8 33. Rd2 Nf5 34. Nxf5 Qxf5 35. Qb1 Qxb1 36. Rxb1 Re8 37. Re1 Rxe1+ 38. Nxe1 Be7 1/2-1/2

[Event "Arco op-B 39th"]
[Site "Arco"]
[Date "2017.10.11"]
[Round "4"]
[White "Palermiti, Francesco"]
[Black "Benini, Gabriele"]
[Result "1-0"]
[WhiteElo "1379"]
[BlackElo "1397"]
[PlyCount "71"]
[EventDate "2017.10.08"]
[EventType "swiss"]
[EventRounds "8"]
[EventCountry "ITA"]
[SourceTitle "CBM 181 Extra"]
[Source "ChessBase"]
[SourceDate "2017.12.12"]
[SourceVersion "1"]
[SourceVersionDate "2017.12.12"]
[SourceQuality "1"]

1. d4 d5 2. Nf3 Nc6 3. c4 Nf6 4. Nc3 e6 5. Bg5 Be7 6. e3 Ne4 7. Bxe7 Qxe7 8. Bd3 Nxc3 9. bxc3 dxc4 10. Bxc4 Bd7 11. 0-0 0-0-0 12. Qe2 Nb8 13. a4 Bc6 14. a5 a6 15. Ne5 Bd5 16. Bxd5 Rxd5 17. c4 Rd6 18. Rfb1 f6 19. Nd3 e5 20. dxe5 fxe5 21. Nc5 Rhd8 22. Qg4+ Nd7 23. Nxd7 R8xd7 24. Rc1 Qf6 25. Rab1 Rd2 26. Rf1 Qd6 27. g3 Qd3 28. Kg2 e4 29. Qe6 Qxe3 30. Qg8+ Rd8 31. Qe6+ Kb8 32. Qc6 b6 33. axb6 Qf3+ 34. Kg1 R8d7 35. bxc7+ Kc8 36. Rb8# 1-0

[Event "Arco op-B 39th"]
[Site "Arco"]
[Date "2017.10.08"]
[Round "1"]
[White "Gulinelli, Euro"]
[Black "Palermiti, Francesco"]
[Result "1-0"]
[WhiteElo "1590"]
[BlackElo "1379"]
[PlyCount "57"]
[EventDate "2017.10.08"]
[EventType "swiss"]
[EventRounds "8"]
[EventCountry "ITA"]
[SourceTitle "CBM 181 Extra"]
[Source "ChessBase"]
[SourceDate "2017.12.12"]
[SourceVersion "1"]
[SourceVersionDate "2017.12.12"]
[SourceQuality "1"]

1. e4 c5 2. Nc3 d6 3. f4 e6 4. Nf3 a6 5. a4 Nc6 6. Bc4 Qc7 7. d3 Nf6 8. 0-0 h6 9. f5 exf5 10. exf5 Bxf5 11. Qe2+ Be7 12. Bf4 0-0 13. Qd2 Ne5 14. Ba2 Nxf3+ 15. Rxf3 Bd7 16. Raf1 Bc6 17. Rh3 Ng4 18. Bxh6 Nxh6 19. Rxh6 Qd8 20. Rh5 Bf6 21. Nd5 Bxd5 22. Bxd5 Re8 23. Qf4 Re5 24. Rxe5 dxe5 25. Qc4 Qe7 26. Rf3 Rf8 27. Qe4 Bg5 28. Rh3 g6 29. Qxg6# 1-0

[Event "Ceriano Laghetto op-C 23rd"]
[Site "Ceriano Laghetto"]
[Date "2014.03.16"]
[Round "5"]
[White "Cavalieri, Vittorio"]
[Black "Palermiti, Francesco"]
[Result "1/2-1/2"]
[WhiteElo "1455"]
[BlackElo "1443"]
[PlyCount "101"]
[EventDate "2014.03.14"]
[EventType "swiss"]
[EventRounds "5"]
[EventCountry "ITA"]
[SourceTitle "EXT 2024"]
[Source "ChessBase"]
[SourceDate "2023.10.10"]
[SourceVersion "1"]
[SourceVersionDate "2023.10.10"]
[SourceQuality "1"]

1. e4 c5 2. Nf3 d6 3. d4 cxd4 4. Nxd4 Nf6 5. Nc3 a6 6. Bc4 e6 7. Bb3 Nc6 8. f4 Qc7 9. Be3 b5 10. a3 Bb7 11. Nxc6 Bxc6 12. f5 e5 13. Nd5 Bxd5 14. Bxd5 Rc8 15. Rc1 Be7 16. 0-0 0-0 17. g4 Qd8 18. g5 Nxd5 19. Qxd5 Bxg5 20. Bxg5 Qxg5+ 21. Kh1 Qf6 22. Rg1 Rc5 23. Qd3 Rd8 24. b4 Rc4 25. Rg2 Rd4 26. Qf3 Qh6 27. Rcg1 g6 28. Qe2 d5 29. exd5 R8xd5 30. Qf3 e4 31. Qc3 e3 32. Qc8+ Rd8 33. Qxa6 Rd2 34. Qxb5 Rxg2 35. Rxg2 Rd1+ 36. Rg1 Rxg1+ 37. Kxg1 Qg5+ 38. Kh1 Qf4 39. Qe2 gxf5 40. b5 Qe4+ 41. Kg1 Kf8 42. b6 f4 43. Qd3 Qb7 44. Qd8+ Kg7 45. Qg5+ Kh8 46. Qxf4 Qxb6 47. Kf1 Qb1+ 48. Ke2 Qxc2+ 49. Kxe3 Qc3+ 50. Ke4 Qxa3 51. Qxf7 1/2-1/2

[Event "Ceriano Laghetto op-C 21st"]
[Site "Ceriano Laghetto"]
[Date "2012.03.??"]
[Round "4"]
[White "Palermiti, Francesco"]
[Black "Napoli, Matteo"]
[Result "0-1"]
[WhiteElo "1545"]
[BlackElo "1572"]
[PlyCount "114"]
[EventDate "2012.03.24"]
[EventType "swiss"]
[EventRounds "5"]
[EventCountry "ITA"]
[SourceTitle "EXT 2024"]
[Source "ChessBase"]
[SourceDate "2023.10.10"]
[SourceVersion "1"]
[SourceVersionDate "2023.10.10"]
[SourceQuality "1"]

1. d4 d5 2. Nf3 Nf6 3. e3 Bf5 4. Bd3 Bxd3 5. Qxd3 c6 6. 0-0 Nbd7 7. Nbd2 e6 8. b3 Be7 9. Bb2 Rc8 10. Ne5 Nxe5 11. dxe5 Nd7 12. Qe2 Qc7 13. f4 Qb6 14. Rad1 Bc5 15. Rf3 Nf8 16. c4 Ng6 17. Kh1 Nh4 18. Rg3 Nf5 19. Rf3 Nxe3 20. Rc1 Nf5 21. cxd5 cxd5 22. Qe1 0-0 23. Rd3 Rc6 24. Rd1 Rfc8 25. Nf3 Bb4 26. Qg1 Qxg1+ 27. Kxg1 Rc2 28. a3 Rxb2 29. axb4 Rcc2 30. Ne1 Re2 31. Rc1 g6 32. Rf3 Ne3 33. Rg3 Nc2 34. Nxc2 Rexc2 35. Rxc2 Rxc2 36. h4 h5 37. f5 exf5 38. Rd3 Kf8 39. Rxd5 Ke7 40. Kf1 Rb2 41. Rd3 Ke6 42. Re3 f4 43. Re4 Rxb3 44. Rxf4 Kxe5 45. Rxf7 Rxb4 46. g3 a5 47. Ke2 a4 48. Rc7 Kf5 49. Rc5+ Kg4 50. Rg5+ Kh3 51. Kf2 a3 52. Ra5 Rb3 53. Ra4 Rxg3 54. Rb4 Rg2+ 55. Kf3 a2 56. Rb3 a1Q 57. Kf4+ Kh2 0-1

[Event "Amantea op-B 8th"]
[Site "Amantea"]
[Date "2010.09.05"]
[Round "8"]
[White "Palermiti, Francesco"]
[Black "Andreani, Carlo"]
[Result "1-0"]
[WhiteElo "1470"]
[BlackElo "1440"]
[PlyCount "109"]
[EventDate "2010.08.29"]
[EventType "swiss"]
[EventRounds "9"]
[EventCountry "ITA"]
[SourceTitle "CBM 138 Extra"]
[Source "ChessBase"]
[SourceDate "2010.10.29"]
[SourceVersion "1"]
[SourceVersionDate "2010.10.29"]
[SourceQuality "1"]

1. d4 Nf6 2. Nf3 e6 3. e3 Nc6 4. a3 g6 5. b3 Bg7 6. Bb2 0-0 7. Bd3 d5 8. 0-0 Re8 9. Ne5 Nxe5 10. dxe5 Nd7 11. f4 Nc5 12. Qf3 Nxd3 13. cxd3 b6 14. b4 Bb7 15. d4 c6 16. Rc1 Rc8 17. Nd2 b5 18. Nb3 Rf8 19. Nc5 Ba8 20. a4 Qe7 21. axb5 cxb5 22. Qf1 Bc6 23. Ra6 f6 24. Rca1 Rc7 25. Qf3 fxe5 26. dxe5 g5 27. Qg4 Rf5 28. Rf1 h6 29. Raa1 Rc8 30. Bd4 Ra8 31. Ra6 Qe8 32. Rf3 h5 33. Qg3 g4 34. Rf1 Qe7 35. Rxc6 a5 36. bxa5 Rxa5 37. Qe1 Ra2 38. g3 h4 39. gxh4 Rh5 40. Nxe6 Qxh4 41. Qxh4 Rxh4 42. Rf2 Rxf2 43. Kxf2 Rh6 44. Rc8+ Kh7 45. Ng5+ Kg6 46. Rc6+ Kf5 47. Rxh6 Bxh6 48. Ke2 Bf8 49. Kd3 b4 50. Kc2 Kg6 51. Kb3 Kh5 52. e6 Be7 53. e4 dxe4 54. Nxe4 Kh4 55. Bf6+ 1-0

[Event "Amantea op-B 8th"]
[Site "Amantea"]
[Date "2010.08.29"]
[Round "1"]
[White "Salvaggio, Salvatore"]
[Black "Palermiti, Francesco"]
[Result "1-0"]
[WhiteElo "1823"]
[BlackElo "1470"]
[PlyCount "97"]
[EventDate "2010.08.29"]
[EventType "swiss"]
[EventRounds "9"]
[EventCountry "ITA"]
[SourceTitle "CBM 138 Extra"]
[Source "ChessBase"]
[SourceDate "2010.10.29"]
[SourceVersion "1"]
[SourceVersionDate "2010.10.29"]
[SourceQuality "1"]

1. d4 d5 2. c4 Nf6 3. Nc3 e6 4. Nf3 Be7 5. e3 0-0 6. Be2 b6 7. cxd5 exd5 8. 0-0 c5 9. Re1 c4 10. Qc2 a6 11. a4 Nc6 12. b3 Nb4 13. Qb1 cxb3 14. Qxb3 Bf5 15. Bd1 Be4 16. Nxe4 Nxe4 17. Ba3 a5 18. Rc1 Qd6 19. Bc2 Rac8 20. Bxe4 Rxc1 21. Bxh7+ Kxh7 22. Rxc1 Kg8 23. Bxb4 axb4 24. Ne5 Rd8 25. Nc6 Re8 26. Nxe7+ Rxe7 27. Rb1 Rc7 28. g3 Rc4 29. Kg2 Qe6 30. f3 Rc3 31. Qxb4 Qxe3 32. Rf1 Qe2+ 33. Rf2 Qc4 34. Qxb6 Rc2 35. Rxc2 Qxc2+ 36. Kf1 Qxa4 37. Qd8+ Kh7 38. Qxd5 Qd1+ 39. Kg2 Qe2+ 40. Kh3 Qe6+ 41. Qxe6 fxe6 42. Kg4 Kg6 43. Kf4 Kf6 44. h4 g6 45. g4 Kf7 46. Ke5 Ke7 47. f4 Kf7 48. h5 gxh5 49. gxh5 1-0

[Event "Costa Viola op 3rd"]
[Site "St Eufemia d'Aspromonte"]
[Date "2010.01.04"]
[Round "5"]
[White "Palermiti, Francesco"]
[Black "Pratico, Paolo"]
[Result "1-0"]
[WhiteElo "1470"]
[BlackElo "1278"]
[PlyCount "107"]
[EventDate "2010.01.02"]
[EventType "swiss"]
[EventRounds "7"]
[EventCountry "ITA"]
[SourceTitle "EXT 2011"]
[Source "ChessBase"]
[SourceDate "2010.11.26"]
[SourceVersion "1"]
[SourceVersionDate "2010.11.26"]
[SourceQuality "1"]

1. d4 g6 2. Nf3 Bg7 3. c4 Nf6 4. Nbd2 0-0 5. e3 c6 6. Bd3 Na6 7. a3 c5 8. b3 cxd4 9. Nxd4 d5 10. Bb2 dxc4 11. Bxc4 Nd5 12. 0-0 Nac7 13. Rb1 b5 14. Bd3 b4 15. a4 Nc3 16. Bxc3 bxc3 17. N2f3 Nd5 18. h3 Qc7 19. Rc1 Nb4 20. Bc4 Na2 21. Rc2 Nb4 22. Rc1 Bf5 23. Nb5 Qc5 24. Nxc3 Rfd8 25. Qe2 Bd3 26. Bxd3 Nxd3 27. Ne4 Qa3 28. Rb1 Bb2 29. Nfd2 Nc1 30. Qa6 Rd7 31. Nc4 Ne2+ 32. Kh1 Qxb3 33. Nxb2 Qc2 34. Ng3 Nc3 35. Qc4 Rad8 36. Rfc1 Qxf2 37. Qxc3 Rd2 38. Rg1 Qxg3 39. Rbd1 Qf2 40. Rxd2 Rxd2 41. Nc4 Rc2 42. Qd4 a6 43. a5 Qf5 44. e4 Qf4 45. Nb6 e5 46. Qd3 Rd2 47. Qf3 Qh4 48. Rf1 Qe7 49. Nd5 Qf8 50. Qf6 Rxd5 51. exd5 e4 52. d6 e3 53. d7 e2 54. Re1 1-0